| 000 | 00615nam a22001937a 4500 | ||
|---|---|---|---|
| 005 | 20160225114320.0 | ||
| 008 | 111027t mx ||||| |||| 00| 0 spa d | ||
| 020 | _a9786074210767 | ||
| 050 | 0 | 4 |
_aF1234 _bM58 2009 |
| 100 | 1 | _aMeyer, Jean | |
| 245 | 1 | 3 |
_aLa revolución mexicana / _cJean Meyer ; tr. Héctor Pérez-Rincón G. |
| 250 | _a3a ed. | ||
| 260 |
_aMéxico : _bTiempo de memoria tus quest, _c2009 |
||
| 300 |
_a339 p. ; _c23 cm. |
||
| 500 | _aTraducción de : la revolution mexicaine | ||
| 650 | 7 |
_2LEMB _aRevolución _xHistoria _zMéxico |
|
| 700 | 1 |
_aPérez-Rincon G., Hector _etr. |
|
| 942 |
_2lcc _cLIB |
||
| 999 |
_c26742 _d26742 |
||